[Event "Wch U20 53rd"]
[Site "Pune"]
[Date "2014.10.14"]
[Round "8"]
[White "Manigandan, SS."]
[Black "Godbole, Atharva"]
[Result "0-1"]
[WhiteElo "2099"]
[BlackElo "2009"]
[PlyCount "74"]
[EventDate "2014.10.06"]
[EventType "swiss"]
[EventRounds "13"]
[EventCountry "IND"]
[SourceTitle "EXT 2015"]
[Source "ChessBase"]
[SourceDate "2014.11.20"]
[SourceVersion "1"]
[SourceVersionDate "2014.11.20"]
[SourceQuality "1"]

1. d4 Nf6 2. Nf3 e6 3. e3 b6 4. Bd3 Bb7 5. Nbd2 c5 6. b3 Be7 7. Bb2 cxd4 8. exd4 d6 9. 0-0 Nbd7 10. Rc1 0-0 11. c4 Rc8 12. Qe2 Re8 13. Rfd1 Rc7 14. Bb1 Qa8 15. Qd3 Nf8 16. Ne1 Ng6 17. f3 Rd7 18. Qe3 Rc8 19. Nd3 Nh5 20. a3 h6 21. g3 Nf6 22. Nf2 Nf8 23. Nde4 N6h7 24. d5 exd5 25. cxd5 Rxc1 26. Bxc1 Bxd5 27. Qd3 Bb7 28. Bb2 d5 29. Nc3 Ng5 30. f4 Nge6 31. Ne2 d4 32. b4 a5 33. Nxd4 Nxd4 34. Bxd4 Bf6 35. Qc4 Qd8 36. Ba2 Ne6 37. Bxf6 Rxd1+ 0-1

[Event "Wch U20 53rd"]
[Site "Pune"]
[Date "2014.10.12"]
[Round "7"]
[White "Godbole, Atharva"]
[Black "Horton, Jamie A"]
[Result "1-0"]
[WhiteElo "2009"]
[BlackElo "2064"]
[PlyCount "55"]
[EventDate "2014.10.06"]
[EventType "swiss"]
[EventRounds "13"]
[EventCountry "IND"]
[SourceTitle "EXT 2015"]
[Source "ChessBase"]
[SourceDate "2014.11.20"]
[SourceVersion "1"]
[SourceVersionDate "2014.11.20"]
[SourceQuality "1"]

1. e4 c5 2. Nf3 e6 3. d4 cxd4 4. Nxd4 a6 5. Bd3 Bc5 6. Nb3 Be7 7. Qg4 g6 8. Qe2 d6 9. a4 b6 10. 0-0 Nd7 11. Be3 Ngf6 12. f4 Bb7 13. N1d2 0-0 14. g4 d5 15. e5 Ne4 16. Bd4 Ndc5 17. f5 exf5 18. gxf5 Re8 19. Qf3 Ng5 20. Qg2 Bf8 21. Rae1 Bc8 22. e6 fxe6 23. fxg6 e5 24. gxh7+ Kg7 25. Rxe5 Rxe5 26. Bxe5+ Kh6 27. h8Q+ Nh7 28. Qxh7# 1-0

[Event "Wch U20 53rd"]
[Site "Pune"]
[Date "2014.10.08"]
[Round "3"]
[White "Godbole, Atharva"]
[Black "Navalgund, Niranjan"]
[Result "0-1"]
[WhiteElo "2009"]
[BlackElo "2267"]
[PlyCount "138"]
[EventDate "2014.10.06"]
[EventType "swiss"]
[EventRounds "13"]
[EventCountry "IND"]
[SourceTitle "EXT 2015"]
[Source "ChessBase"]
[SourceDate "2014.11.20"]
[SourceVersion "1"]
[SourceVersionDate "2014.11.20"]
[SourceQuality "1"]

1. e4 e5 2. Nf3 Nc6 3. Bb5 a6 4. Ba4 Nf6 5. 0-0 Be7 6. Re1 b5 7. Bb3 d6 8. c3 0-0 9. d4 Bg4 10. Be3 Bh5 11. Nbd2 d5 12. exd5 Nxd5 13. dxe5 Nxe5 14. Bd4 Nc6 15. Ne4 Nxd4 16. Qxd4 Nf6 17. Qe3 Nxe4 18. Qxe4 Bd6 19. Bd5 Bg6 20. Qd4 c5 21. Qd2 Ra7 22. c4 Rd7 23. Qe2 Re7 24. Qd2 Bc7 25. Red1 Rd7 26. Qe2 Re8 27. Qf1 Rd6 28. b3 b4 29. Re1 Rf8 30. Qe2 a5 31. Qe3 Bb6 32. Ne5 Qb8 33. Qh3 Qc7 34. Re3 a4 35. Rae1 axb3 36. axb3 Qc8 37. Nxg6 hxg6 38. Qxc8 Rxc8 39. Re7 Rf8 40. Rb7 Bd8 41. Ra1 Bf6 42. Raa7 Kh7 43. Rc7 Re8 44. Kf1 Bc3 45. Re7 Ra6 46. Rxa6 Rxe7 47. f3 Re1+ 48. Kf2 f6 49. Bc6 Rb1 50. Ba4 Rb2+ 51. Kg3 g5 52. Re6 Be5+ 53. Kh3 Ra2 54. Rc6 Bd4 55. Re6 Rb2 56. Kg3 Kg6 57. Kh3 Kf7 58. Rd6 Kg6 59. Re6 Kh6 60. Re8 Kh7 61. Re6 Kg8 62. Rd6 Kf7 63. Rc6 Re2 64. Rc7+ Kg6 65. Bc6 Re3 66. Ba4 f5 67. Rc6+ Kh5 68. Kg3 f4+ 69. Kh3 g4# 0-1